R. Đêcáctơ (1596-1650)

Tiểu sử, nguyên lý cơ bản về triết học, các tác phẩm triết học của R. Đêcáctơ (Pháp). Anh hưởng của tư tưởng Đêcáctơ đối với mỹ học và văn học

Đã lưu trong:
書目詳細資料
主要作者: Nguyễn Trọng Chuẩn
格式: 圖書
語言:Vietnamese
出版: H. Khoa học xã hội 1995
主題:
標簽: 添加標簽
沒有標簽, 成為第一個標記此記錄!
Thư viện lưu trữ: Mạng thư viện Đại học Đà Nẵng
LEADER 01372nam a2200373 4500
001 000006122
003 2276
005 20110901070925.0
008 110831s1995 viesd
020 |c 8000đ 
041 0 |a vie 
082 |a 189  |b NGU-C 
100 0 |a Nguyễn Trọng Chuẩn 
240 |a Triết học Tây Âu thế kỷ XVII - XVIII 
245 0 |a R. Đêcáctơ (1596-1650)  |c Nguyễn Trọng Chuẩn 
260 |a H.  |b Khoa học xã hội  |c 1995 
300 |a 83 tr  |c 19 cm 
520 |a Tiểu sử, nguyên lý cơ bản về triết học, các tác phẩm triết học của R. Đêcáctơ (Pháp). Anh hưởng của tư tưởng Đêcáctơ đối với mỹ học và văn học 
653 |a Pháp 
653 |a triết học Tây Âu 
653 |a R. Đêcáctơ 
653 |a triết học 
700 |a Nguyễn Trọng Chuẩn 
910 |a Nguyễn Thị Kim Oanh  |d 31/08/2011 
OWN |a LSP 
AVA |a UDN50  |b LSP  |d 189 NGU-C  |e available  |t Error 5001 Not defined in file expand_doc_bib_avail.  |f 1  |g 0  |h N  |i 0  |k 1 
999 |a From the UDN01 
AVA |a UDN50  |b LSP  |d 189 NGU-C  |e available  |t Error 5001 Not defined in file expand_doc_bib_avail.  |f 1  |g 0  |h N  |i 0  |k 1 
TYP |a Monograph 
TYP |a Printed language 
980 |a Mạng thư viện Đại học Đà Nẵng